| 000 | 00505pab a2200181 454500 | ||
|---|---|---|---|
| 008 | 180718b2004 xxu||||| |||| 00| 0 eng d | ||
| 100 | _aSummer, Daniel A. | ||
| 245 | _aContributions of D. Gale Johnson to the economics of agriculture | ||
| 260 | _c2004 | ||
| 300 | _ap.659-79. | ||
| 362 | _aApr | ||
| 650 | _aJohnson, D. Gale | ||
| 650 | _aAgricultural economics | ||
| 700 | _aGardner, Bruce L. | ||
| 700 | _aAntle, John M. | ||
| 773 | _aEconomic Development and Cultural Change | ||
| 909 | _a62508 | ||
| 999 |
_c62508 _d62508 |
||